LEADER 00866nam0-22003011i-450- 001 990004024470403321 005 20051003120629.0 010 $a2-204-02315-9 035 $a000402447 035 $aFED01000402447 035 $a(Aleph)000402447FED01 035 $a000402447 100 $a19990604d1985----km-y0itay50------ba 101 0 $afre 105 $ay-------001yy 200 1 $a<>homme et le miracle$fPIerre-André Sigal$edans la france médiévale (XIe-XIIe siécle) 210 $aParis$cLés éditions du Cerf$d1985 215 $a350 p.$d23 cm 225 1 $aHistoire 676 $a231.73$v21$zita 700 1$aSigal,$bPerre-André$0384407 801 0$aIT$bUNINA$gRICA$2UNIMARC 901 $aBK 912 $a990004024470403321 952 $a231.73 SIG 1$bBibl. 32108$fFLFBC 959 $aFLFBC 996 $aHomme et le miracle$9470274 997 $aUNINA LEADER 00667nam0-22002651i-450- 001 990000060140403321 035 $a000006014 035 $aFED01000006014 035 $a(Aleph)000006014FED01 035 $a000006014 100 $a20011111d--------km-y0itay50------ba 101 0 $aita 105 $ay-------001yy 200 1 $aARCHITETTURA egiziana 210 $aMilano$ceditrice Preiss$ds.d. 215 $a54 tav.$d42 cm 676 $a722.2 801 0$aIT$bUNINA$gRICA$2UNIMARC 901 $aBK 912 $a990000060140403321 952 $a13 AR 4 C 17$b3417$fFINBC 959 $aFINBC 996 $aARCHITETTURA egiziana$9111630 997 $aUNINA DB $aING01 LEADER 01079nam a2200289 i 4500 001 991002083159707536 005 19930607100425.5 008 910226s1991 wiug b 001 0 eng 020 $a0895792567 035 $ab13473189-39ule_inst 040 $aDip.to Beni Arti e Storia$bita 082 0 $a781.3/453$220 100 1 $aCope, David.$0624895 245 10$aComputers and musical style /$cDavid Cope. 260 $aMadison, Wis. :$bA-R Editions,$cc1991. 300 $axvii, 246 p. :$bmusica ;$c24 cm. 440 4$aThe Computer music and digital audio series ;$vv. 6 504 $aInclude bibliografia e indice 650 0$aStile$xMusica$xComputer$xProgrammi 650 0$aComputer$xComposizione 650 0$aLISP (Computer program language) 907 $a.b13473189$b25-01-07$c25-01-07 912 $a991002083159707536 945 $aLE019 A22 MUS C 20$cV. 6$g1$i2019000014786$lle019$o-$pE0.00$q-$rl$s- $t0$u0$v0$w0$x0$y.i14353763$z25-01-07 996 $aComputers and musical style$91095185 997 $aUNISALENTO 998 $ale019$b25-01-07$cm$da $e-$feng$gwiu$h0$i0